Sports Quiz

Random Sports or Rugby Quiz

British & Irish Lions Players since 1997 Quiz Stats

 Plays Quiz not verified by Sporcle

Support Sporcle.
Go Orange.
Score 0/91 Timer 12:00
0 Plays Today
Country Player % Correct
WalesAdam Jones
96.2%
WalesStephen Jones
95.5%
WalesAlun-Wyn Jones
95.3%
WalesRyan Jones
95.3%
IrelandBrian O'Driscoll
92.8%
EnglandMartin Johnson
91.4%
WalesShane Williams
89.7%
EnglandJonny Wilkinson
89.3%
WalesMartyn Williams
88.6%
EnglandJason Robinson
86.9%
EnglandMatt Dawson
85.2%
IrelandPaul O'Connell
85.2%
EnglandNeil Back
84.8%
IrelandRonan O'Gara
84.3%
WalesMike Phillips
83.3%
IrelandKeith Wood
82.6%
WalesGethin Jenkins
81%
WalesNeil Jenkins
80.7%
EnglandRichard Hill
80.3%
EnglandLawrence Dallaglio
80.2%
IrelandJamie Heaslip
77.1%
WalesJamie Roberts
76.7%
IrelandGordon D'Arcy
75.7%
IrelandDonncha O'Callaghan
75.7%
EnglandWill Greenwood
75%
IrelandRob Kearney
73.8%
EnglandSteve Thompson
72.9%
WalesLee Byrne
72.8%
IrelandTommy Bowe
72.6%
EnglandPhil Vickery
72.1%
IrelandShane Byrne
71.9%
Country Player % Correct
WalesDwayne Peel
71.9%
IrelandPaul Wallace
71.4%
IrelandDavid Wallace
70.9%
EnglandJeremy Guscott
69.7%
EnglandJosh Lewsey
69.7%
WalesGareth Thomas
68.6%
EnglandBen Kay
68.4%
EnglandSimon Shaw
68.4%
ScotlandTom Smith
67.6%
EnglandAustin Healey
67.2%
EnglandJason Leonard
66.9%
EnglandOllie Smith
66.6%
EnglandMike Catt
65.5%
EnglandAndrew Sheridan
64.1%
EnglandIain Balshaw
64%
WalesGavin Henson
64%
WalesRob Howley
62.8%
ScotlandChris Cusiter
62.6%
EnglandMartin Corry
62.1%
WalesIeuan Evans
61.4%
EnglandLewis Moody
60.9%
EnglandUgo Monye
60.5%
ScotlandGregor Townsend
60.2%
WalesColin Charvis
59.8%
IrelandJohn Hayes
59.8%
WalesScott Gibbs
59.5%
WalesScott Quinnell
59.5%
ScotlandRoss Ford
59.3%
WalesMatthew Rees
58.8%
EnglandDanny Grewcock
58.4%
EnglandTom Croft
57.8%
Country Player % Correct
EnglandMark Cueto
56.4%
IrelandShane Horgan
56%
IrelandGeordan Murphy
56%
EnglandTony Underwood
55.7%
EnglandJoe Worsley
55.7%
WalesDafydd James
54.8%
EnglandMatt Perry
54.5%
IrelandLuke Fitzgerald
54.3%
EnglandRiki Flutey
53.8%
IrelandRob Henderson
52.9%
ScotlandAlan Tait
51%
EnglandHarry Ellis
50.9%
EnglandLee Mears
50.5%
EnglandJulian White
49.1%
EnglandMike Regan
48.6%
IrelandDenis Hickie
47.6%
EnglandJohn Bentley
47.4%
WalesGareth Cooper
47.4%
WalesMichael Owen
46.6%
IrelandJeremy Davidson
45.3%
ScotlandGordon Bulloch
45.2%
EnglandGraham Rowntree
45.2%
EnglandTim Rodber
43.8%
WalesAllan Bateman
42.1%
ScotlandRob Wainwright
39.3%
IrelandSimon Easterby
38.1%
IrelandEric Miller
35%
EnglandTim Stimpson
33.8%
WalesDarren Morris
29.8%

You're not logged in!

Compare scores with friends on all Sporcle quizzes.
OR
Log In

From the Vault

MLB .350 Hitters Since 1941

by minnmich

Is Miguel Cabrera gonna make it this year?
Remove Ads.
Support Sporcle.
Get the best of Sporcle when you Go Orange. This ad-free experience offers more features, more stats, and more fun while also helping to support Sporcle. Thank you for becoming a member.

Show Comments

Extras

Top Quizzes Today


Score Distribution

Your Account Isn't Verified!

In order to create a playlist on Sporcle, you need to verify the email address you used during registration. Go to your Sporcle Settings to finish the process.

Report this User

Report this user for behavior that violates our Community Guidelines.

Details: